000 00634nam a2200241Ia 4500
003 OSt
005 20221007070257.0
006 a|||||r|||| 00| 0
007 ta
008 221006b |||||||| |||| 00| 0 eng d
024 _a44,327
037 _cTextual
040 _aFLL
_cFLL
_beng
041 _2eng
_aeng
082 _aZ2,83,M70, Q7
100 _aSinghal M.L.
_9388902
245 0 _aManual of the court fees act 1870
250 _a1st
260 _aGurgaon
_bLexis Nexis India
_c2017
300 _axxxviii,1236p.
_ccm.
942 _hZ2,83,M70, Q7
_cTEXL
_2CC
999 _c1140005
_d1140005